| 000 | 00571nam a2200181 i 4500 | ||
|---|---|---|---|
| 001 | 92294 | ||
| 003 | ES-MaACL | ||
| 005 | 20250311143408.0 | ||
| 007 | t| | ||
| 008 | 050224s1903 sp |||| | spa d | ||
| 100 | 1 |
_aLickefett y English, Enrique. _972201 |
|
| 245 | 1 | 3 |
_aEl teatro de Schiller _b: ensayo crítico / _cpor Enrique Lickefett y English. |
| 260 |
_aMadrid : _b[s.n.], _c1903 ( _fImp. del Depósito de la Guerra) |
||
| 300 |
_a147 p. ; _c24 cm. |
||
| 600 | 1 | 4 |
_aSchiller, Friedrich, _d1759-1805 _9104361 |
| 852 |
_aES-MaACL _jG-9543 |
||
| 999 |
_c92294 _d92294 |
||